000 06723namaa22004211i 4500
003 OSt
005 20260512110206.0
008 250827s2025 ua a|||frm||| 000 0 eng d
040 _aEG-GICUC
_bara
_cEG-GICUC
_dEG-GICUC
_erda
041 0 _aara
_bara
_beng
049 _aإيداع
082 0 4 _a320
092 _a320
_221
097 _aدكتوراه‎
099 _aCai01.16.05.Ph.D.2025.ها.م
100 0 _a،هاني أحمد عبد العظيم بدر
_eإعداد.
245 1 0 _aمقاربات القوى الدولية الكبرى في معالجة القضايا الأمنية الأفريقية :
_bدراسة في تحليل المضمون المقارن لاستراتيجيات الأمن القومي /
_cإعداد هاني أحمد عبد العظيم بدر؛ إشراف أ.د. صبحي على قنصوه، أ.د.م. أحمد أمـل محمد.
246 1 5 _aInternational major powers’approaches in addressing african security issues :
_bA comparative content analysis study of national security strategies /
264 0 _c2025.
300 _a222 صفحة :
_bإيضاحيات ؛
_c25 سم. +
_eCD.
336 _atext
_2rda content
337 _aUnmediated
_2rdamedia
338 _avolume
_2rdacarrier
502 _aأطروحة (دكتوراه)-جامعة القاهرة، 2025.
504 _aببليوجرافيا: صفحات 210-222.
520 _aتتناول هذه الدراسة تطور وسمات استراتيجيات الأمن القومي التي تتبناها القوى الدولية الكبرى، وهي الولايات المتحدة الأمريكية، وجمهورية الصين الشعبية، وروسيا الاتحادية، مع التركيز على كيفية معالجة كل منها لقضايا الأمن في القارة الأفريقية في سياق ما بعد الحرب الباردة. وقد اعتمدت الدراسة على منهج تحليل المضمون الكيفي المقارن، من خلال تحليل وثائق الأمن القومي للدول الثلاث باستخدام إطار تحليلي يتألف من عشر فئات رئيسية: القيم، النطاق، السياق، التوجه، الأهداف، الأولويات، المهددات، التحديات، الوسائل، والشركاء، بهدف الكشف عن أوجه التشابه والاختلاف في تصورات هذه القوى لمعالجة قضايا الأمن الأفريقي في ظل تصاعد التنافس الدولي في القارة. توصلت الدراسة إلى أن الاستراتيجية الأمريكية اتجهت نحو ترسيخ الهيمنة الدولية من خلال توظيف القيم الليبرالية، مع التركيز على مكافحة الإرهاب، وتأمين حرية الملاحة البحرية، ومواجهة المنافسين الدوليين. في المقابل، أكدت الاستراتيجية الصينية على مبدأ السيادة وعدم التدخل انطلاقاً من أولوية مصالحها الاقتصادية. أما روسيا، فقد سعت إلى استعادة دورها الدولي عبر تعزيز النظام الدولي متعدد الأقطاب، ورفض الهيمنة الغربية، خاصة في أفريقيا. ورغم تباين الأولويات والمنطلقات الاستراتيجية، كشفت الدراسة عن اهتمام متزايد من القوى الثلاث بالقارة الأفريقية، ما يعكس مكانتها المتصاعدة في الحسابات الاستراتيجية الدولية. وتبرز أهمية هذه الدراسة في تعزيز فهم أعمق لتقاطع الاستراتيجيات الدولية مع قضايا الأمن الأفريقي، وتوفير رؤى تدعم صناع القرار في مواجهة بيئة أمنية دولية متغيرة.
520 _aThis study investigates the evolution and characteristics of national security strategies adopted by major global powers-namely the United States, China, and Russia-and their approaches to dealing with African security issues in the post-Cold War context. Employing a qualitative comparative content analysis methodology, the research examines national security documents of the three global powers, using a framework of ten analytical categories: values, scope, context, orientation, objectives, priorities, threats, challenges, means, and partners. The aim is to uncover the convergences and divergences in how these states conceptualize and respond to African security issues amidst growing international competition on the continent. The findings reveal that U.S. strategy has shifted towards maintaining global dominance, with a focus on counterterrorism, freeom of maritime navigation, and confronting growing competitive trends with other global rivals. China’s approach emphasizes sovereignty, non-interference, and peaceful conflict resolution, reflecting a strategic culture rooted in independence and economic interests. Russia, motivated by the desire to reclaim global influence, advocates for a multipolar world order and rejects Western dominance. Despite differing strategic outlooks, all three powers demonstrate increasing engagement with African security, albeit through distinct priorities and methods. The study underscores the significance of Africa in global strategic thinking and highlights the need for balanced and independent regional responses. Ultimately, this research contributes to a deeper understanding of how global powers' security strategies intersect with African affairs and offers insights for policymakers navigating a shifting international security environment.
530 _aصدر أيضًا كقرص مدمج.
546 _aالنص بالعربية والملخص باللغة الإنجليزية والعربية.
650 7 _aسياسة
_2qrmak
653 0 _aالأمن الأفريقي
_aالاستراتيجية الأمريكية
_aالاستراتيجية الصينية
700 0 _aصبحي على قنصوه
_eمشرف أطروحة.
700 0 _aأحمد أمـل محمد
_eمشرف أطروحة.
900 _b23-02-2025
_cصبحي على قنصوه
_cأحمد أمـل محمد
_dسوزي محمد رشاد
_dرانيا خفاجة
_Uجامعة القاهرة
_Fكلية الدراسات الأفريقية العليا
_Dقسم سياسة واقتصاد
905 _aSara
942 _2ddc
_cTH
_e21
_n0
999 _c180109